000 00498nam a2200181Ia 4500
001 19512
005 20260306172658.0
008 260306t2005||||xx |||||||||||||| ||spa||
041 _aESP
082 _a340.1
_bC73
100 _aUniversidad Católica Argentina
_eAUT
245 0 _aLa codificación:
_braíces y prospectiva: ¿qué derecho, qué códigos, qué enseñanza?
260 _c2005
300 _a462 páginas :
_c23 cm.
650 _aGEN
654 _aCDE
942 _cLIB
_dJUS
_fJUS
_2ddc
_n
999 _c19512
_d19512